000 04214cam a22012134i 4500
003 PE-LiUPU
005 20250813185549.0
008 150706s2000 pe r 000 0 spa d
020 _a9972785041
020 _a9789972785047
035 _a(Sirsi) i9789972785047
040 _aPE-LiUPU
_bspa
_cPE-LiUPU
_dPE-LiUPU
_erda
049 _aPRUA
082 0 4 _a362.8292
_bG88
_221
100 1 _aGüezmes, Ana,
_eautor.
245 1 0 _aViolencia familiar, enfoque desde la salud pública :
_bMódulo de capacitación /
_cAna Güezmes, Silvia Loli.
264 1 _aLima :
_bOrganización Panamericana de la Salud,
_c2000.
300 _a280 páginas ;
_c30 centímetros
336 _atext
_2rdacontent
337 _aunmediated
_2rdamedia
338 _avolume
_2rdacarrier
505 0 _aMarco conceptual del enfoque de género -- Igualdad y desigualdad entre varones y mujeres -- Marco conceptual del enfoque de género -- Jerarquía en las relaciones de pareja y violencia familiar, Relaciones autoritarias/relaciones familiares democráticas -- Derecho a la igualdad en la vida de pareja -- Violencia contra la mujer en la relación intrafamiliar y legislación -- Dimensiones y modalidades, ciclo de violencia, enfoque multifactorial -- La legislación sobre violencia familiar en el Perú y el rol asignado al Sector Salud -- La Violencia familiar como problema de salud pública -- La violencia como problema de salud pública -- Diagnóstico estratégico desde el Sector Salud (Análisis FODA) -- La calidad de los servicios y la violencia familiar perspectivas de intervención en violencia familiar -- Componentes de la primera ayuda en salud -- Estrategias de prevención, promoción, atención y recuperación de la salud en relación familiar -- Participación multisectorial e interdisciplinaria -- Atención multisectorial: reflexión sobre América Latina -- Compromisos para el cambio -- Asumiendo compromisos.
526 _aP202
526 _aP201
526 _aP163
526 _aP162
526 _aP161
526 _aP160
526 _aP148
526 _aP147
526 _aP146
526 _aP145
526 _aP144
526 _aP143
526 _aP142
526 _aP141
526 _aP140
526 _aP139
526 _aP138
526 _aP137
526 _aP136
526 _aP135
526 _aP134
526 _aP133
526 _aP129
526 _aP128
526 _aP127
526 _aP120
526 _aP119
526 _aP118
526 _aP116
526 _aP115
526 _aP114
526 _aP110
526 _aP109
526 _aP108
526 _aP104
526 _aP103
526 _aP102
526 _aP99
526 _aP98
526 _aP97
526 _aP96
526 _aP95
526 _aP93
526 _aP90
526 _aP89
526 _aP88
526 _aP83
526 _aP82
526 _aP62
526 _aP59
526 _aP58
526 _aP57
526 _aP51
526 _aP49
526 _aP48
526 _aP47
526 _aP29
526 _aP24
526 _aP20
526 _aP19
526 _aP17
526 _aP15
526 _aP14
526 _aP12
526 _aP10
526 _aP09
526 _aP08
526 _aP07
526 _aP06
526 _aP05
526 _aP04
526 _aP01
541 _g001-111140;
650 0 4 _aDerecho familiar.
650 0 4 _aViolencia doméstica.
910 _agl
_bjv
_cng
_d20091029
942 _2ddc
_cBOOK
949 _aPCF 362.8292 G88
_wDEWEY
_c1
_i60610
_d2016-8-15
_e2016-8-12
_lCCODEBUL1
_mBUL
_n1
_p6.00
_r0
_sY
_tBOOK
_u2015-7-6
_xINGENIERIA
_PP54
_0COMPRA
_o.CIRCNOTE. No olvidar cambiar la fecha de devolución!!!!!!!
_o.STAFF. Colección Ciencias de la Salud
994 _aC0
_bPEPRU
596 _a1
999 _aPCF 362.8292 G88
_wDEWEY
_c50028
_i60610
_d50028
_e2016-8-12
_f2021-11-3
_g7
_lCCODEBUL1
_mBUL
_n1
_p6.00
_q1
_r0
_sY
_tBOOK
_u2015-7-6
_xSALUD
_zP54
_0COMPRA
_o.CIRCNOTE. No olvidar cambiar la fecha de devolución!!!!!!!
_o.STAFF. Colección Ciencias de la Salud
980 _81
_gALBERTO SANCHEZ Responsable de Automatización